[Event "BAN-chT Premier"]
[Site "Dhaka"]
[Date "2022.12.03"]
[Round "4.3"]
[White "Harsha, Bharathakoti"]
[Black "Nayan Kumar, Mohanto"]
[Result "1-0"]
[WhiteElo "2582"]
[BlackElo "1976"]
[PlyCount "39"]
[EventDate "2022.11.30"]
[EventType "team-tourn"]
[EventRounds "11"]
[EventCountry "BAN"]
[SourceTitle "CBM 211 Extra"]
[Source "ChessBase"]
[SourceDate "2023.01.31"]
[SourceVersion "1"]
[SourceVersionDate "2023.01.31"]
[SourceQuality "1"]
[WhiteTeam "Bangladesh Police"]
[BlackTeam "Rupali Bank Krira Parisad"]
[WhiteTeamCountry "BAN"]
[BlackTeamCountry "BAN"]

1. Nf3 Nf6 2. g3 g6 3. b3 Bg7 4. Bb2 d5 5. c4 c6 6. Bg2 0-0 7. 0-0 dxc4 8. bxc4 Qb6 9. Qc1 Bf5 10. d3 Na6 11. Nc3 Qa5 12. Rb1 Rfe8 13. Ba1 Rab8 14. Nd2 Nc5 15. e4 Bg4 16. d4 Na4 17. h3 Bd7 18. e5 Nh5 19. Nb3 Nxc3 20. Bxc3 1-0

[Event "BAN-chT Premier"]
[Site "Dhaka"]
[Date "2022.12.02"]
[Round "3.3"]
[White "Nayan Kumar, Mohanto"]
[Black "Idani, Pouya"]
[Result "0-1"]
[WhiteElo "1976"]
[BlackElo "2631"]
[PlyCount "64"]
[EventDate "2022.11.30"]
[EventType "team-tourn"]
[EventRounds "11"]
[EventCountry "BAN"]
[SourceTitle "CBM 211 Extra"]
[Source "ChessBase"]
[SourceDate "2023.01.31"]
[SourceVersion "1"]
[SourceVersionDate "2023.01.31"]
[SourceQuality "1"]
[WhiteTeam "Rupali Bank Krira Parisad"]
[BlackTeam "SAIF Sporting Club"]
[WhiteTeamCountry "BAN"]
[BlackTeamCountry "BAN"]

1. d4 g6 2. Nf3 Bg7 3. g3 c5 4. Bg2 cxd4 5. Nxd4 Nf6 6. e4 d6 7. h3 0-0 8. 0-0 Nc6 9. Be3 Bd7 10. c3 a6 11. Nd2 Qc7 12. Rc1 Rac8 13. Re1 Rfe8 14. N2b3 Ne5 15. Nd2 Nd3 16. Qe2 Nxe1 17. Rxe1 b5 18. Qd3 e5 19. Nc2 Be6 20. Bg5 Nd7 21. Nb4 Nc5 22. Qb1 a5 23. Nd5 Bxd5 24. exd5 f5 25. Nb3 e4 26. Rd1 Nd3 27. Bf1 a4 28. Nd4 Bxd4 29. cxd4 Qc2 30. Bxd3 exd3 31. Be3 Qxb1 32. Rxb1 Rxe3 0-1

[Event "BAN-chT 1st League"]
[Site "Dhaka"]
[Date "2021.03.02"]
[Round "6.4"]
[White "Nayan Kumar, Mohanto"]
[Black "Rahman, Almasur"]
[Result "1/2-1/2"]
[WhiteElo "2013"]
[BlackElo "1934"]
[PlyCount "50"]
[EventDate "2021.02.25"]
[EventType "team-tourn"]
[EventRounds "11"]
[EventCountry "BAN"]
[SourceTitle "EXT 2022"]
[Source "ChessBase"]
[SourceDate "2021.10.06"]
[SourceVersion "1"]
[SourceVersionDate "2021.10.06"]
[SourceQuality "1"]
[WhiteTeam "Khelaghor Daba Sangah"]
[BlackTeam "Dhaka CC"]
[WhiteTeamCountry "BAN"]
[BlackTeamCountry "BAN"]

1. d4 Nf6 2. Nf3 d5 3. c4 c6 4. Nc3 g6 5. Bg5 Bg7 6. e3 0-0 7. Qb3 dxc4 8. Bxc4 Nbd7 9. Rd1 Nb6 10. Be2 Be6 11. Qc2 Nbd5 12. Nxd5 Qxd5 13. Bxf6 Bxf6 14. b3 Qa5+ 15. Nd2 Rfd8 16. 0-0 Bg7 17. Nc4 Bxc4 18. Bxc4 e6 19. h4 Rd7 20. Be2 Rad8 21. Rd3 e5 22. dxe5 Rxd3 23. Bxd3 Qxe5 24. Be2 h5 25. Rd1 Rxd1+ 1/2-1/2

[Event "BAN-chT 1st League"]
[Site "Dhaka"]
[Date "2021.02.27"]
[Round "3.4"]
[White "Islam, Kazi Taherul"]
[Black "Nayan Kumar, Mohanto"]
[Result "1-0"]
[WhiteElo "1957"]
[BlackElo "2013"]
[PlyCount "85"]
[EventDate "2021.02.25"]
[EventType "team-tourn"]
[EventRounds "11"]
[EventCountry "BAN"]
[SourceTitle "EXT 2022"]
[Source "ChessBase"]
[SourceDate "2021.10.06"]
[SourceVersion "1"]
[SourceVersionDate "2021.10.06"]
[SourceQuality "1"]
[WhiteTeam "Basir Memorial"]
[BlackTeam "Khelaghor Daba Sangah"]
[WhiteTeamCountry "BAN"]
[BlackTeamCountry "BAN"]

1. Nf3 d5 2. d4 Nf6 3. c4 c6 4. Nc3 e6 5. g3 Nbd7 6. Bg2 Bb4 7. Qb3 Ba5 8. 0-0 0-0 9. Rd1 Re8 10. h3 h6 11. Kh2 Bxc3 12. bxc3 Ne4 13. Be3 Qa5 14. Rdc1 Qa6 15. cxd5 exd5 16. c4 dxc4 17. Qxc4 Qxc4 18. Rxc4 Nb6 19. Rcc1 Nd5 20. Ne5 Nec3 21. Bf3 Be6 22. Bd2 Nb5 23. e3 Nd6 24. a4 Rac8 25. Rab1 f6 26. Nd3 Bf5 27. Rb3 Ne4 28. Bxe4 Bxe4 29. Nc5 b6 30. Nxe4 Rxe4 31. f3 Re6 32. e4 f5 33. e5 Rc7 34. f4 Kf7 35. g4 g6 36. Rg3 Ne7 37. Bb4 Nd5 38. gxf5 gxf5 39. Rcg1 Ne7 40. Bd6 Rd7 41. Rg7+ Ke8 42. Rh7 b5 43. Rgg7 1-0

[Event "BAN-chT"]
[Site "Dhaka"]
[Date "2019.12.12"]
[Round "6.2"]
[White "Rakesh, Kumar Jena"]
[Black "Nayan Kumar, Mohanto"]
[Result "1-0"]
[WhiteElo "2335"]
[BlackElo "2021"]
[PlyCount "102"]
[EventDate "2019.12.07"]
[EventType "team-tourn"]
[EventRounds "11"]
[EventCountry "BAN"]
[SourceTitle "CBM 193 Extra"]
[Source "ChessBase"]
[SourceDate "2020.01.31"]
[SourceVersion "1"]
[SourceVersionDate "2020.01.31"]
[SourceQuality "1"]
[WhiteTeam "Titas CC"]
[BlackTeam "Sultana Kamal Smirity Patahgar"]
[WhiteTeamCountry "BAN"]
[BlackTeamCountry "BAN"]

1. d4 d5 2. Nf3 Nf6 3. Bf4 Bf5 4. e3 e6 5. Bd3 Ne4 6. 0-0 Bd6 7. Bxd6 Nxd6 8. Bxf5 exf5 9. Nbd2 0-0 10. Qe2 c6 11. c4 dxc4 12. Nxc4 Nxc4 13. Qxc4 Nd7 14. a4 a5 15. Rac1 g6 16. Rfd1 Nb6 17. Qb3 Rb8 18. Ne5 Kg7 19. Rc5 f6 20. Nc4 Nxc4 21. Qxc4 Rf7 22. h3 Rd7 23. Qc3 Ra8 24. b4 axb4 25. Qxb4 Ra6 26. Rb1 Qa8 27. a5 Qd8 28. Qc3 Ra8 29. Rb6 Ra7 30. Qb2 Qa8 31. Qb4 Ra6 32. g4 fxg4 33. hxg4 Rxb6 34. Qxb6 Re7 35. g5 fxg5 36. Rxg5 Qc8 37. Qb2 Kg8 38. Qb3+ Kg7 39. Qc3 Kh6 40. Rg2 Qf5 41. Qb4 Qe6 42. Qb2 Qf5 43. Rh2+ Kg7 44. Qb4 Qe6 45. Rg2 Kh6 46. Qc5 Qf6 47. Qc3 Kg7 48. Qb2 Kg8 49. Rg3 Rf7 50. f4 Qe7 51. Qe2 Rf5 1-0

[Event "BAN-chB 43rd"]
[Site "Dhaka"]
[Date "2017.11.09"]
[Round "3"]
[White "Nayan Kumar, Mohanto"]
[Black "Ahmed, Sk Nasir"]
[Result "0-1"]
[WhiteElo "2056"]
[BlackElo "2253"]
[PlyCount "64"]
[EventDate "2017.11.07"]
[EventType "swiss"]
[EventRounds "11"]
[EventCountry "BAN"]
[SourceTitle "CBM 181 Extra"]
[Source "ChessBase"]
[SourceDate "2017.12.12"]
[SourceVersion "1"]
[SourceVersionDate "2017.12.12"]
[SourceQuality "1"]

1. d4 e6 2. c4 b6 3. Nf3 Bb7 4. g3 f5 5. Bg2 Nf6 6. 0-0 g6 7. b3 Bg7 8. Bb2 0-0 9. Nbd2 d6 10. Qc2 Qe7 11. Rad1 Nbd7 12. Rfe1 a5 13. a4 Rab8 14. e3 Ne4 15. Nxe4 Bxe4 16. Qc1 g5 17. Nd2 Bxg2 18. Kxg2 e5 19. dxe5 Bxe5 20. f4 Bxb2 21. Qxb2 Nc5 22. Qc3 g4 23. h3 gxh3+ 24. Kxh3 Rf6 25. Kg2 Re8 26. Kf2 Re6 27. Qd4 Nd7 28. Qd5 Nf6 29. Qxf5 Rxe3 30. Qg5+ Kf7 31. Rh1 Re2+ 32. Kf1 Re1+ 0-1

[Event "Dhaka Powertec op-A"]
[Site "Dhaka"]
[Date "2017.07.22"]
[Round "8"]
[White "Nayan Kumar, Mohanto"]
[Black "Ghosh, Chanchal Kumer"]
[Result "0-1"]
[WhiteElo "2036"]
[BlackElo "2166"]
[PlyCount "140"]
[EventDate "2017.07.15"]
[EventType "swiss"]
[EventRounds "9"]
[EventCountry "BAN"]
[SourceTitle "EXT 2018"]
[Source "ChessBase"]
[SourceDate "2017.10.13"]
[SourceVersion "1"]
[SourceVersionDate "2017.10.13"]
[SourceQuality "1"]

1. d4 d5 2. c4 e6 3. Nc3 Nf6 4. Bg5 Nbd7 5. e3 c6 6. Nf3 Bd6 7. Bd3 0-0 8. e4 dxe4 9. Nxe4 Bb4+ 10. Bd2 Be7 11. 0-0 Nxe4 12. Bxe4 Nf6 13. Bc2 b6 14. Bc3 Bb7 15. Qe2 Qc7 16. Rad1 Rad8 17. h3 c5 18. dxc5 Qxc5 19. Ne5 Rfe8 20. Rfe1 Bd6 21. Ng4 Qg5 22. Nxf6+ gxf6 23. Qg4 Be7 24. f4 Qxg4 25. hxg4 Rxd1 26. Rxd1 Rd8 27. Rxd8+ Bxd8 28. Kf2 Bc7 29. g3 e5 30. Ke3 Bd6 31. Be4 Bc8 32. Kf3 Be6 33. b3 Kg7 34. Bd2 h5 35. Bf5 hxg4+ 36. Kxg4 e4 37. Bxe6 fxe6 38. b4 Kg6 39. a3 f5+ 40. Kh3 e5 41. Be3 Kf6 42. Kg2 Ke6 43. Kf1 exf4 44. gxf4 a5 45. bxa5 bxa5 46. a4 Kd7 47. Ke2 Kc6 48. Bc1 Bb4 49. Be3 Bc5 50. Bc1 Bg1 51. Ba3 Bh2 52. Ke3 Bg1+ 53. Ke2 Bd4 54. Kd2 Bc5 55. Bxc5 Kxc5 56. Kc3 e3 57. Kd3 e2 58. Kxe2 Kxc4 59. Kd2 Kd4 60. Kc2 Ke4 61. Kc3 Kxf4 62. Kc4 Ke5 63. Kb5 f4 64. Kxa5 f3 65. Kb6 f2 66. a5 f1Q 67. a6 Qb1+ 68. Kc7 Qc2+ 69. Kb7 Qb3+ 70. Ka8 Qd5+ 0-1

[Event "BAN-chT2"]
[Site "Dhaka"]
[Date "2016.11.03"]
[Round "1.3"]
[White "Khondoker, Sumaiya"]
[Black "Nayan Kumar, Mohanto"]
[Result "0-1"]
[WhiteElo "1591"]
[BlackElo "1975"]
[PlyCount "126"]
[EventDate "2016.11.03"]
[EventType "team-swiss"]
[EventRounds "7"]
[EventCountry "BAN"]
[SourceTitle "CBM 175 Extra"]
[Source "ChessBase"]
[SourceDate "2016.12.12"]
[SourceVersion "1"]
[SourceVersionDate "2016.12.12"]
[SourceQuality "1"]
[WhiteTeam "Bangladesh Mohila Daba"]
[BlackTeam "Uttara Central CC"]
[WhiteTeamCountry "BAN"]
[BlackTeamCountry "BAN"]

1. e4 c6 2. d4 d5 3. exd5 cxd5 4. Nf3 Nc6 5. Be3 Nf6 6. Nbd2 Bg4 7. Be2 e6 8. c3 Bd6 9. Qc2 0-0 10. Bd3 h6 11. h3 Bxf3 12. Nxf3 Re8 13. 0-0 Rc8 14. a3 a6 15. Rfe1 Na5 16. Nd2 Bb8 17. Rad1 Qd6 18. Nf3 Nc4 19. Bxc4 Rxc4 20. Ne5 Rcc8 21. Bf4 Qe7 22. Re3 Ne4 23. f3 Nd6 24. Bh2 Nf5 25. Re2 Qh4 26. Rde1 Nxd4 27. Qd3 Nxe2+ 28. Rxe2 Bxe5 29. Bxe5 Qc4 30. Qe3 f6 31. Bh2 Qc5 32. Kf2 Kf7 33. Ke1 Qxe3 34. Rxe3 e5 35. Kd2 Rc6 36. Kd3 Rec8 37. Re2 b5 38. Bg1 Ke6 39. Bf2 f5 40. Bd4 e4+ 41. Ke3 g5 42. f4 Rg8 43. fxg5 hxg5 44. g3 Rc7 45. Rh2 Rf7 46. g4 f4+ 47. Kf2 Rh7 48. Kg2 Rc8 49. Rh1 a5 50. Ra1 Rc4 51. b3 Rxd4 52. cxd4 Rc7 53. Ra2 Rc3 54. Rb2 Rd3 55. a4 bxa4 56. bxa4 Rxd4 57. Rb6+ Ke5 58. Rg6 e3 59. Rxg5+ Ke4 60. Rg7 Rd2+ 61. Kf1 f3 62. Re7+ Kf4 63. Rf7+ Kg3 0-1

[Event "BAN-chB 42nd"]
[Site "Dhaka"]
[Date "2016.10.27"]
[Round "8"]
[White "Hasan Md, Emam"]
[Black "Nayan Kumar, Mohanto"]
[Result "0-1"]
[WhiteElo "2117"]
[BlackElo "1975"]
[PlyCount "144"]
[EventDate "2016.10.20"]
[EventType "swiss"]
[EventRounds "11"]
[EventCountry "BAN"]
[SourceTitle "CBM 175 Extra"]
[Source "ChessBase"]
[SourceDate "2016.12.12"]
[SourceVersion "1"]
[SourceVersionDate "2016.12.12"]
[SourceQuality "1"]

1. e4 c6 2. d3 d5 3. Nd2 e5 4. g3 Nf6 5. h3 Bd6 6. Bg2 Qe7 7. Ne2 0-0 8. 0-0 dxe4 9. dxe4 Rd8 10. c3 b6 11. Qc2 Ba6 12. Nf3 Bc5 13. c4 Nbd7 14. b3 Nf8 15. Bb2 N6d7 16. Nh4 g6 17. Kh2 Ne6 18. f4 exf4 19. Nxf4 Nxf4 20. Rxf4 Bd6 21. e5 Bxe5 22. Re1 Qd6 23. Rd1 Qc7 24. Bxe5 Nxe5 25. Re4 Rxd1 26. Qxd1 Re8 27. Nf3 Nxf3+ 28. Qxf3 Rxe4 29. Qxe4 c5 30. Qe8+ Kg7 31. Bd5 h5 32. h4 Bb7 33. Bxb7 Qxb7 34. Qe5+ f6 35. Qe8 Qc7 36. Kh3 Qd6 37. Qa8 Qe6+ 38. Kg2 Qe7 39. Kf2 g5 40. hxg5 fxg5 41. Kg1 Kg6 42. Qc6+ Qf6 43. Qe8+ Kf5 44. Qxh5 Qa1+ 45. Kg2 Qxa2+ 46. Kh3 Qxb3 47. Qg4+ Kf6 48. Qe4 Qd1 49. Qc6+ Ke7 50. Qe4+ Kd8 51. Qa8+ Ke7 52. Qe4+ Kf6 53. Qc6+ Kf5 54. Qc8+ Ke4 55. Qe6+ Kd3 56. Qd5+ Kc2 57. Qxg5 Qf1+ 58. Kh4 Qxc4+ 59. g4 b5 60. Qg6+ Kc3 61. Qg7+ Qd4 62. Qxa7 b4 63. Qa1+ Kc2 64. Qa2+ Kc1 65. Kh5 Qh8+ 66. Kg6 Qb2 67. Qa7 Qc2+ 68. Kh6 b3 69. Qa1+ Kd2 70. Qa5+ Qc3 71. Qd8+ Ke2 72. Qe8+ Qe3+ 0-1

[Event "BAN-chB 42nd"]
[Site "Dhaka"]
[Date "2016.10.23"]
[Round "4"]
[White "Saiful Islam, Chowdhury"]
[Black "Nayan Kumar, Mohanto"]
[Result "0-1"]
[WhiteElo "2165"]
[BlackElo "1975"]
[PlyCount "58"]
[EventDate "2016.10.20"]
[EventType "swiss"]
[EventRounds "11"]
[EventCountry "BAN"]
[SourceTitle "CBM 175 Extra"]
[Source "ChessBase"]
[SourceDate "2016.12.12"]
[SourceVersion "1"]
[SourceVersionDate "2016.12.12"]
[SourceQuality "1"]

1. e4 c5 2. Nf3 e6 3. Nc3 a6 4. a4 Nc6 5. d4 cxd4 6. Nxd4 Qc7 7. Be2 Nf6 8. Be3 Bb4 9. f3 d5 10. 0-0 Bxc3 11. bxc3 dxe4 12. fxe4 Nxe4 13. Qd3 Nf6 14. Nxc6 bxc6 15. Bd4 c5 16. Bxf6 gxf6 17. Rxf6 Ra7 18. Qe3 h5 19. Raf1 Qd6 20. Rd1 Qe7 21. Qe5 Rh7 22. Rdf1 Rd7 23. Rxf7 Rxf7 24. Rxf7 Kxf7 25. Qxh5+ Kg8 26. Qg6+ Kf8 27. Qh6+ Qg7 28. Qf4+ Ke7 29. Qh4+ Kd6 0-1

[Event "BAN-chB 41st"]
[Site "Dhaka"]
[Date "2015.10.18"]
[Round "4"]
[White "Nayan Kumar, Mohanto"]
[Black "Anwar, Hossain Dulal"]
[Result "0-1"]
[WhiteElo "1991"]
[BlackElo "1868"]
[PlyCount "72"]
[EventDate "2015.10.15"]
[EventType "swiss"]
[EventRounds "11"]
[EventCountry "BAN"]
[SourceTitle "CBM 169 Extra"]
[Source "ChessBase"]
[SourceDate "2015.12.18"]
[SourceVersion "1"]
[SourceVersionDate "2015.12.18"]
[SourceQuality "1"]

1. d4 e6 2. c4 b6 3. Nc3 Bb7 4. Nf3 Nf6 5. Bg5 Be7 6. e3 Ne4 7. Bxe7 Qxe7 8. Qc2 Nxc3 9. Qxc3 a5 10. a3 0-0 11. h4 a4 12. Bd3 Nc6 13. h5 h6 14. Ke2 Na5 15. Rag1 d5 16. cxd5 Bxd5 17. e4 Bb7 18. g4 f6 19. Qd2 Nb3 20. Qe3 c5 21. dxc5 Nxc5 22. Bc2 Rad8 23. Kf1 Ba6+ 24. Kg2 Bd3 25. Rc1 Bxc2 26. Rxc2 Rd3 27. Qe2 Rfd8 28. Nd2 f5 29. exf5 Qb7+ 30. f3 exf5 31. g5 hxg5 32. h6 g4 33. Kg1 gxf3 34. Qe5 f2+ 35. Kh2 Rxd2 36. Rxd2 Qxh1+ 0-1

[Event "BAN-chB 41st"]
[Site "Dhaka"]
[Date "2015.10.17"]
[Round "3"]
[White "Hanif, Mollah"]
[Black "Nayan Kumar, Mohanto"]
[Result "0-1"]
[WhiteElo "1785"]
[BlackElo "1991"]
[PlyCount "64"]
[EventDate "2015.10.15"]
[EventType "swiss"]
[EventRounds "11"]
[EventCountry "BAN"]
[SourceTitle "CBM 169 Extra"]
[Source "ChessBase"]
[SourceDate "2015.12.18"]
[SourceVersion "1"]
[SourceVersionDate "2015.12.18"]
[SourceQuality "1"]

1. e4 c5 2. Nf3 e6 3. d4 cxd4 4. Nxd4 a6 5. Bd3 Qc7 6. Nc3 b5 7. 0-0 Bb7 8. Kh1 Nf6 9. f4 b4 10. e5 bxc3 11. exf6 gxf6 12. Qe2 Rg8 13. Be4 cxb2 14. Bxb2 Be7 15. Rab1 Nc6 16. Nxc6 Bxc6 17. Bd4 Bxe4 18. Qxe4 Qc6 19. Qe2 Bd8 20. Rf3 Qd5 21. c3 Rc8 22. Rh3 Qf5 23. Rd1 Qxf4 24. Rxh7 e5 25. Qh5 Rf8 26. Qe2 Rc6 27. Rf1 Qg5 28. Be3 Qg6 29. Rh3 Qe4 30. Qf2 Rg8 31. Rd1 Rd6 32. Bd2 Be7 0-1

[Event "BAN-chB 41st"]
[Site "Dhaka"]
[Date "2015.10.16"]
[Round "2"]
[White "Nayan Kumar, Mohanto"]
[Black "Ali, Mohammad Amir"]
[Result "1-0"]
[WhiteElo "1991"]
[BlackElo "1779"]
[PlyCount "49"]
[EventDate "2015.10.15"]
[EventType "swiss"]
[EventRounds "11"]
[EventCountry "BAN"]
[SourceTitle "CBM 169 Extra"]
[Source "ChessBase"]
[SourceDate "2015.12.18"]
[SourceVersion "1"]
[SourceVersionDate "2015.12.18"]
[SourceQuality "1"]

1. d4 d5 2. c4 c6 3. Nf3 e6 4. e3 Nf6 5. Nc3 Bb4 6. Qc2 Nbd7 7. Bd3 dxc4 8. Bxc4 Qc7 9. 0-0 0-0 10. a3 Bd6 11. Ne4 Nxe4 12. Qxe4 b5 13. Bd3 Nf6 14. Qh4 Bb7 15. e4 e5 16. b4 Rfe8 17. Bb2 Nd7 18. Rac1 exd4 19. e5 Bxe5 20. Qxh7+ Kf8 21. Rfe1 Nf6 22. Qh8+ Ng8 23. Bh7 Re6 24. Nxe5 Rxe5 25. Bxd4 1-0

[Event "BAN-chB 41st"]
[Site "Dhaka"]
[Date "2015.10.15"]
[Round "1"]
[White "Mizanul, Islam"]
[Black "Nayan Kumar, Mohanto"]
[Result "1-0"]
[WhiteElo "1677"]
[BlackElo "1991"]
[PlyCount "100"]
[EventDate "2015.10.15"]
[EventType "swiss"]
[EventRounds "11"]
[EventCountry "BAN"]
[SourceTitle "CBM 169 Extra"]
[Source "ChessBase"]
[SourceDate "2015.12.18"]
[SourceVersion "1"]
[SourceVersionDate "2015.12.18"]
[SourceQuality "1"]

1. e4 c5 2. Nf3 e6 3. Nc3 a6 4. d4 cxd4 5. Nxd4 Qc7 6. Bd3 b5 7. a3 Bb7 8. 0-0 Nc6 9. Nf3 Nf6 10. Re1 d6 11. Bg5 Be7 12. Qd2 0-0 13. Rad1 Rad8 14. h3 Rd7 15. Qe3 Rfd8 16. Rd2 Na5 17. e5 dxe5 18. Nxe5 Nc4 19. Qe2 Nxe5 20. Qxe5 Qc6 21. f3 h6 22. Bh4 Ng4 23. Qh5 Bxh4 24. Qxh4 Qc5+ 25. Kh1 Ne5 26. Ne4 Qf8 27. Qg3 Bxe4 28. fxe4 Nc4 29. Rf2 Nxb2 30. Be2 Nc4 31. Bh5 Qxa3 32. Rf3 Qc5 33. e5 Rf8 34. Rf6 Kh7 35. Rf2 g6 36. Rf6 gxh5 37. Qf4 Nxe5 38. Qxh6+ Kg8 39. Qxh5 Rd5 40. Re4 Kg7 41. Qh6+ Kg8 42. Qg5+ Ng6 43. Rxg6+ fxg6 44. Qxg6+ Kh8 45. Rh4+ Rh5 46. Rxh5+ Qxh5 47. Qxh5+ Kg7 48. Qe5+ Kf7 49. g4 Rc8 50. c3 Rc4 1-0